| 000 | 00619nam a22001817a 4500 | ||
|---|---|---|---|
| 005 | 20231025084009.0 | ||
| 008 | 231025b |||||||| |||| 00| 0 eng d | ||
| 020 | _a9780702136504 ; 0702136506 | ||
| 041 | _aEnglish | ||
| 082 | _a34701 JON | ||
| 100 |
_aErasmus HJ and van Loggerenberg DE _lEnglish |
||
| 245 |
_aJones & Buckle The Civil Practice of the Magistrates' Courts in South Africa / _cHJ Erasmus and DE van Loggerenberg |
||
| 250 | _aNinth Edition | ||
| 260 |
_aCape Town : _bJUTA Law, _c1996 |
||
| 300 |
_bvii, 117 pages _c27 cm. |
||
| 650 |
_aLegal Practice _bLaw |
||
| 942 |
_cBK _6ALISON_BN_VRIES |
||
| 999 |
_c44 _d44 |
||